| Tag |
First Indicator |
Second Indicator |
Subfields |
| LEADER |
00000cam a2200000 a 4500 |
| 001 |
in00001406639 |
| 005 |
20230911174027.0 |
| 008 |
971222s1997 enk b 011 0 eng |
| 010 |
|
|
|a 97227371
|
| 015 |
|
|
|a GB97V8658
|2 bnb
|
| 016 |
7 |
|
|a B9713533
|2 bccb
|
| 019 |
|
|
|a 38167546
|a 877165763
|a 1167205341
|
| 020 |
|
|
|a 904110691X
|
| 020 |
|
|
|a 9789041106919
|
| 029 |
1 |
|
|a AU@
|b 000013606806
|
| 029 |
1 |
|
|a DEBBG
|b BV011772399
|
| 029 |
1 |
|
|a GEBAY
|b 2797251
|
| 029 |
1 |
|
|a HEBIS
|b 06145365X
|
| 029 |
1 |
|
|a NZ1
|b 4879997
|
| 029 |
1 |
|
|a YDXCP
|b 1423834
|
| 035 |
|
|
|a (OCoLC)ocm39340106
|
| 035 |
|
|
|a (OCoLC)39340106
|z (OCoLC)38167546
|z (OCoLC)877165763
|z (OCoLC)1167205341
|
| 035 |
|
|
|a (OCoLC)ocm39340106
|
| 040 |
|
|
|a DLC
|b eng
|c DLC
|d FCI
|d FBF
|d ECB
|d ZYF
|d BAKER
|d NLGGC
|d BTCTA
|d YDXCP
|d OCLCG
|d NLE
|d GEBAY
|d OCLCO
|d OCLCF
|d OCLCA
|d DEBBG
|d OCLCO
|d OCLCQ
|d OCLCA
|d UX0
|d DCT
|d OCLCQ
|d OCL
|d OCLCO
|d OCLCQ
|d IL4J6
|d OCLCO
|
| 043 |
|
|
|a e------
|
| 050 |
0 |
0 |
|a KJE6456
|b .C87 1997
|
| 080 |
|
|
|a 347.733(1713)(08)
|
| 082 |
0 |
0 |
|a 341.7/53
|2 21
|
| 082 |
0 |
0 |
|a 341.750614
|2 21
|
| 084 |
|
|
|a 86.70
|2 bcl
|
| 084 |
|
|
|a PC 4630
|2 rvk
|
| 084 |
|
|
|a PS 3200
|2 rvk
|
| 084 |
|
|
|a PS 3380
|2 rvk
|
| 084 |
|
|
|a KW110
|b .C877 1997
|2 moys
|
| 245 |
0 |
0 |
|a Current and future perspectives on EC competition law :
|b a tribute to Professor M.R. Mok /
|c edited by Laurence Gormley.
|
| 260 |
|
|
|a London ;
|a Boston :
|b Kluwer Law International,
|c 1997.
|
| 300 |
|
|
|a xxiv, 143 pages ;
|c 24 cm.
|
| 336 |
|
|
|a text
|b txt
|2 rdacontent
|
| 337 |
|
|
|a unmediated
|b n
|2 rdamedia
|
| 338 |
|
|
|a volume
|b nc
|2 rdacarrier
|
| 490 |
1 |
|
|a European monographs ;
|v 14
|
| 504 |
|
|
|a Includes bibliographical references and index.
|
| 505 |
0 |
|
|a Invalidity of exclusive provisions in distribution contracts under EC Competition Law / Valentine Korah -- Vertical restrictions under Article 85 EC: towards a moderate reform of current competition policy / Helmut Schroẗer -- Changes in EC policy on joint ventures / Henrieẗte Akyur̈ek-Kievits -- The core of the constitutional law of the community -- Article 5 EC / John Temple Lang -- The enforcement of EC Competition Law in the domestic courts of the member states / Richard Whish -- Enforcement of EC Competition Law by national authorities: square pegs in round holes? / Jacques H.J. Bourgeois -- Decision-making in competition cases: the investigator, the prosecutor and the judge / Jacques Steenbergen -- Competition and public service obligations: the example of the energy sector / Piet-Jan Slot -- New form -- better law? / Kurt Lenart Ritter -- Competition law and the consumer / Norbert Reich -- The organisation of european competition policy / Rob Mok.
|
| 650 |
|
0 |
|a Antitrust law
|z European Union countries.
|
| 650 |
|
0 |
|a Restraint of trade
|z European Union countries.
|
| 650 |
|
0 |
|a Competition
|z European Union countries.
|
| 650 |
|
6 |
|a Concurrence
|x Restrictions
|z Pays de l'Union européenne.
|
| 650 |
|
7 |
|a Antitrust law.
|2 fast
|0 (OCoLC)fst00810849
|
| 650 |
|
7 |
|a Competition.
|2 fast
|0 (OCoLC)fst00871464
|
| 650 |
|
7 |
|a Restraint of trade.
|2 fast
|0 (OCoLC)fst01096014
|
| 651 |
|
7 |
|a European Union countries.
|2 fast
|0 (OCoLC)fst01269470
|
| 650 |
|
7 |
|a Wettbewerbsrecht
|2 gnd
|
| 651 |
|
7 |
|a Europäische Union.
|0 (DE-588)4131753-1
|2 gnd
|
| 650 |
|
7 |
|a Aufsatzsammlung
|2 gnd
|
| 650 |
1 |
7 |
|a Mededingingsrecht.
|2 gtt
|
| 650 |
1 |
7 |
|a Europees recht.
|2 gtt
|
| 650 |
1 |
7 |
|a Rechtsontwikkeling.
|2 gtt
|
| 600 |
1 |
7 |
|a Mok, M. R.
|2 nli
|
| 650 |
|
7 |
|a Antitrust law
|z European Union countries.
|2 nli
|
| 650 |
|
7 |
|a Competition, Unfair
|z European Union countries.
|2 nli
|
| 650 |
|
7 |
|a Restraint of trade
|z European Union countries.
|2 nli
|
| 650 |
|
7 |
|a Concurrence
|x Droit
|z Pays de l'Union européenne.
|2 ram
|
| 650 |
|
7 |
|a Concurrence
|x Restrictions
|z Pays de l'Union européenne.
|2 ram
|
| 650 |
|
7 |
|a Concurrence
|z Pays de l'Union européenne.
|2 ram
|
| 651 |
|
7 |
|a Europäische Union.
|2 swd
|
| 655 |
|
4 |
|a Aufsatzsammlung.
|
| 700 |
1 |
|
|a Mok, M. R.
|
| 700 |
1 |
|
|a Gormley, Laurence W.
|q (Laurence William),
|d 1953-
|
| 776 |
0 |
8 |
|i Online version:
|t Current and future perspectives on EC competition law.
|d London ; Boston : Kluwer Law International, 1997
|w (OCoLC)763098277
|
| 830 |
|
0 |
|a European monographs ;
|v 14.
|
| 856 |
4 |
1 |
|3 Table of contents
|u http://bvbr.bib-bvb.de:8991/F?func=service&doc_library=BVB01&local_base=BVB01&doc_number=007944512&line_number=0001&func_code=DB_RECORDS&service_type=MEDIA
|t 0
|
| 938 |
|
|
|a Baker & Taylor
|b BKTY
|c 134.60
|d 134.60
|i 904110691X
|n 0003089534
|s active
|
| 938 |
|
|
|a Baker and Taylor
|b BTCP
|n 97227371
|
| 938 |
|
|
|a YBP Library Services
|b YANK
|n 1423834
|
| 948 |
|
|
|h HELD BY TXA - 108 OTHER HOLDINGS
|
| 994 |
|
|
|a Z0
|b TXA
|
| 999 |
f |
f |
|s 261055e8-8fe4-373f-a487-4efa9c18b3fd
|i 65a92624-f2bd-317f-a4fd-1b1eee82cd49
|t 0
|
| 952 |
f |
f |
|p ric
|a Texas A&M University
|b Rellis Campus
|c Joint Library Facility
|s JLF
|d Remote Storage
|t 0
|e KJE6456 .C875 1997
|h Library of Congress classification
|i unmediated -- volume
|m A14823317546
|